00489nam a22001577a 4500020000800000040001600008082001300024100003600037245005100073250001200124260003900136300003000175942001200205999001900217952009500236 qHB. cFIZZA ISHAQ a620bSIN a Singer , Ferdinand L.9134372 aStrength of materials /c Ferdinand L. Singer. a2nd ED. aNew York:b Harper & Row, c 1951. a590 P. : : ill. ;c24 cm 2ddccBK c617350d617350 00102ddc4070aNQCbNQCcGENd2026-05-07l0o620 SINpQD-114r2026-05-07w2026-05-07yBK